00920nam a2200241 a 450000100100000000500170001000800410002702000150006804000250008304100130010808200170012110000570013824000520019524501000024726000570034730000210040450000660042553400610049150400440055265000220059665000350061870000250065300000137620250311111111.0040811s1966 ve b 001 0 spa  a1932846050 aDO-SdBNPbspacBNPHU17aspaheng a001.4bB571a1 aBeveridge, W. I. B.q(William Ian Beardmore),d1908-13aThe art of scientific investigation.lespañol14aEl arte de la investigación científica /cby W.I.B. Beveridge; traducción Oswaldo Grillo. aCaracas :bUniversidad Central de Venezuela ,c1966. a269 p. ;c16 cm. aOriginally published: Rev. ed. New York : W.W. Norton, c1957. aTítulo original :tThe art of scientific investigation aIncluye índice e índice analítico 0a Investigación  4aMetodologíaxInvestigación1 aGrillo, Oswaldoetr.